[Event "14th OIBM"]
[Site "Bad Wiessee GER"]
[Date "2010.11.02"]
[Round "5.42"]
[White "Schleich,T"]
[Black "Rogobete,N"]
[Result "1-0"]
[WhiteElo "2147"]
[BlackElo "2269"]

1.d4 g6 2.e4 Bg7 3.Nc3 c5 4.Nf3 cxd4 5.Nxd4 Nc6 6.Be3 d6 7.Be2 Nf6 8.O-O O-O
9.Kh1 a6 10.f4 Nxd4 11.Bxd4 Be6 12.f5 Bd7 13.Bc4 Bc6 14.Qd3 b5 15.Bb3 b4
16.Nd5 Bxd5 17.exd5 Nd7 18.Bxg7 Kxg7 19.Qd4+ Ne5 20.Qxb4 a5 21.Qd4 f6 22.Rac1 Qd7
23.c4 a4 24.Bd1 Rfc8 25.Rc3 g5 26.b4 axb3 27.axb3 Qa7 28.Qxa7 Rxa7 29.Rc2 Ra3
30.Rd2 Rca8 31.Kg1 Rb8 32.Re1 Rb7 33.Kf2 Kf8 34.h3 Nd7 35.Re3 Nc5 36.Rc3 Nd7
37.Ke3 Nc5 38.Kd4 Rb4 39.Re2 Ra1 40.Bc2 Ra2 41.Rce3 Ra7 42.Re1 h5 43.g3 Rbb7
44.Rb1 Rb4 45.Kc3 Rab7 46.Ra1 R4b6 47.Ra8+ Kf7 48.Rh8 Kg7 49.Rxh5 Nxb3 50.g4 Na1
51.h4 Nxc2 52.Kxc2 Rb2+ 53.Kd3 Rg2 54.hxg5 Rb3+ 55.Kd4 Rxg4+ 56.Re4 Rgg3
57.Rxe7+ Kf8 58.Re2 fxg5 59.Rh6 Rbd3+ 60.Ke4 Ke7 61.Rh7+ Kd8 62.c5 dxc5 63.Ke5 Rh3
64.Rg7 Rh4 65.Kd6  1-0

[Event "Chigorin Mem Classic Open"]
[Site "St Petersburg RUS"]
[Date "2010.11.03"]
[Round "7"]
[White "Gasanov,E"]
[Black "Kryakvin,D"]
[Result "1/2-1/2"]
[WhiteElo "2482"]
[BlackElo "2591"]

1.d4 g6 2.e4 Bg7 3.Nc3 a6 4.f4 b5 5.a3 Bb7 6.Nf3 d6 7.Bd3 Nd7 8.Be3 c5 9.dxc5 Nxc5
10.Bxc5 dxc5 11.e5 f5 12.O-O Qb6 13.Be2 Rd8 14.Qe1 Nh6 15.Ng5 Nf7 16.Nxf7 Kxf7
17.Bf3 Bxf3 18.Rxf3 c4+ 19.Kh1 e6 20.Ne2 Rd5 21.Rf2 Rhd8 22.Ng1 Bh6 23.Re2 Kg8
24.Qh4 Bf8 25.Nf3 R8d7 26.c3 Qd8 27.Qg3 Rd3 28.h3 Be7 29.Qf2 Qc7 30.Kh2 Qc6
31.Qf1 h6 32.Rc1 g5 33.Nd4 Qd5 34.g4 fxg4 35.hxg4 gxf4 36.Qxf4 Bg5 37.Qe4 Qxe4
38.Rxe4 Re7 39.Kg2 Re8 40.Rce1 Kf7 41.Nf3 Kg6 42.a4 Rd5 43.axb5 axb5 44.Nd4 Kf7
45.Kf2 Ke7 46.Nc6+ Kf7 47.Nd4 Ke7 48.Nc6+  1/2-1/2

[Event "14th OIBM"]
[Site "Bad Wiessee GER"]
[Date "2010.11.05"]
[Round "8.41"]
[White "Seyb,A"]
[Black "Wunder,S"]
[Result "0-1"]
[WhiteElo "2294"]
[BlackElo "2161"]

1.e4 g6 2.d4 Bg7 3.Nc3 d5 4.exd5 Nf6 5.Bc4 O-O 6.h3 Nbd7 7.Qf3 Nb6 8.Bb3 a5
9.a4 Bd7 10.Nge2 Nc8 11.O-O Nd6 12.Bf4 Bc8 13.Rad1 b6 14.Ng3 Bb7 15.Qd3 Qd7
16.Rfe1 Ba6 17.Qf3 Rac8 18.Nge4 Rfe8 19.Nxf6+ exf6 20.Ne4 Nxe4 21.c4 f5  0-1

[Event "Frauenbundesliga 1st Div 2010-11"]
[Site "Germany GER"]
[Date "2010.11.07"]
[Round "2.6"]
[White "Schaetz,A"]
[Black "Tammert,I"]
[Result "1/2-1/2"]
[WhiteElo "1783"]
[BlackElo "2272"]

1.e4 g6 2.d4 Bg7 3.Nc3 c5 4.Nge2 cxd4 5.Nxd4 Qb6 6.Nd5 Qd8 7.Nb5 Na6 8.Bg5 Be5
9.c3 f6 10.Be3 Bb8 11.h4 e6 12.Nf4 Qe7 13.Qd2 Nc5 14.f3 a6 15.b4 Na4 16.Na3 b5
17.Rc1 Qd6 18.Qxd6 Bxd6 19.Nd3 Ne7 20.c4 bxc4 21.Nxc4 Bg3+ 22.Bf2 Bc7 23.Be2 d5
24.exd5 Nxd5 25.Bd1 Bd7 26.Bxa4 Bxa4 27.a3 O-O 28.O-O Bb5 29.Nc5 Kf7 30.Rfe1 Rfe8
31.Nb7 Ke7 32.Bc5+ Kd7 33.Nbd6 Bxd6 34.Nxd6 Reb8 35.Ne4 Bc6 36.Red1 Ke8 37.Nd6+ Ke7
38.Ne4+ Kf7 39.Nd6+ Ke7 40.Ne4+ Kf7 41.Nd6+ Ke7  1/2-1/2

[Event "Frauenbundesliga 1st Div 2010-11"]
[Site "Germany GER"]
[Date "2010.11.07"]
[Round "2.4"]
[White "Schoene,Mar"]
[Black "Kiefhaber,V"]
[Result "1-0"]
[WhiteElo "2200"]
[BlackElo "2242"]

1.e4 g6 2.d4 Bg7 3.Nc3 d5 4.exd5 Nf6 5.Bb5+ Nbd7 6.Qf3 O-O 7.Bg5 Nb6 8.Bxf6 Bxf6
9.O-O-O Bd7 10.Bxd7 Qxd7 11.Nge2 Rfd8 12.Nf4 Bg5 13.h4 Bxf4+ 14.Qxf4 Nxd5
15.Nxd5 Qxd5 16.Kb1 Rd6 17.Rhe1 e6 18.f3 Rad8 19.Rd3 Qc4 20.b3 Qb4 21.c3 Qa5
22.Re5 Rd5 23.Rde3 Qb6 24.h5 c5 25.Qf6 cxd4 26.h6 Kf8 27.Rxe6  1-0

[Event "1st Open"]
[Site "Brno CZE"]
[Date "2010.11.20"]
[Round "9"]
[White "Novak,Jo"]
[Black "Paral,S"]
[Result "0-1"]
[WhiteElo "1886"]
[BlackElo "2085"]

1.e4 g6 2.d4 Bg7 3.Nc3 c5 4.dxc5 Bxc3+ 5.bxc3 Nc6 6.Bd3 Qa5 7.Bb2 Nf6 8.Nf3 Qxc5
9.Qd2 d6 10.O-O Be6 11.Rfe1 Rd8 12.h3 Ne5 13.Nd4 Bd7 14.f4 Nc6 15.e5 dxe5
16.fxe5 Nxe5 17.Qf4 Nxd3 18.Qxf6 O-O 19.Rxe7 Nxb2 20.Rf1 Be6 21.Kh1 Rxd4
22.cxd4 Qd5 23.Rb1 Bxh3 24.Qf3 Qxa2 25.Rf1 Be6 26.Qxb7 Qc4 27.Re1 Qxd4 28.Qxa7 Qh4+  0-1

[Event "XXIII Belgrade Trophy"]
[Site "Obrenovac SRB"]
[Date "2010.11.24"]
[Round "1.65"]
[White "Dikic,V"]
[Black "Rakic,Mi"]
[Result "0-1"]
[WhiteElo "1817"]
[BlackElo "2214"]

1.e4 g6 2.d4 c5 3.Nc3 Bg7 4.Nf3 cxd4 5.Nxd4 Nc6 6.Be3 a6 7.Bc4 e6 8.O-O Nge7
9.f4 d5 10.exd5 exd5 11.Bb3 O-O 12.Nce2 Bg4 13.Re1 Na5 14.h3 Bd7 15.c3 Nc4
16.Ng3 Nc6 17.Nxc6 Bxc6 18.Bd4 Nxb2 19.Qe2 Bxd4+ 20.cxd4 Qh4 21.Qf3 Nc4 22.Bxc4 dxc4
23.d5 Bxd5 24.Qxd5 Qxg3 25.Qxc4 b5 26.Qe4 Qh4 27.Rac1 Rac8 28.Kh1 Qf6 29.Rxc8 Rxc8
30.Re2 h5 31.g3 h4 32.g4 Rc4 33.Qe8+ Kg7 34.Rf2 Rxf4 35.Rxf4 Qxf4 36.Kg2 Qg3+
37.Kf1 Qxh3+ 38.Kf2 Qc3 39.Kf1  0-1

[Event "XXIII Belgrade Trophy"]
[Site "Obrenovac SRB"]
[Date "2010.11.26"]
[Round "3.53"]
[White "Zivanovic,B"]
[Black "Lazic,Z"]
[Result "0-1"]
[WhiteElo "1941"]
[BlackElo "2180"]

1.e4 g6 2.d4 Bg7 3.Nc3 c5 4.Nf3 cxd4 5.Nxd4 Nc6 6.Be3 Nf6 7.Nxc6 bxc6 8.e5 Ng8
9.Bc4 Bxe5 10.f4 Bg7 11.Bb3 Nf6 12.O-O d5 13.h3 O-O 14.Qf3 Bf5 15.g4 Bc8
16.Rad1 e5 17.fxe5 Nd7 18.Qf2 Qc7 19.Ne2 Nxe5 20.Bf4 h5 21.gxh5 Bxh3 22.h6 Bf6
23.h7+ Kh8 24.Bh6 Ng4 25.Qg3 Qb6+ 26.Kh1 Bxf1 27.Rxf1 Nxh6 28.Rxf6 Rae8 29.Qc3 Kxh7
30.Ng1 Re4 31.Nf3 Kg8 32.Bxd5 Rg4 33.Qd3 Kg7 34.Qc3 Kh7 35.Qd2 Rh8 36.Qe1 Kg7
37.Qf1 Nf5+  0-1

[Event "Frauenbundesliga 1st Div 2010-11"]
[Site "Germany GER"]
[Date "2010.12.04"]
[Round "3.5"]
[White "Hegeler,A"]
[Black "Kiefhaber,V"]
[Result "1-0"]
[WhiteElo "2183"]
[BlackElo "2242"]

1.e4 g6 2.d4 Bg7 3.Nc3 d5 4.exd5 Nf6 5.Bb5+ Nbd7 6.a4 a5 7.Nf3 O-O 8.O-O Nb6
9.Re1 Nbxd5 10.Nxd5 Nxd5 11.Bg5 c6 12.Bc4 Re8 13.c3 Qd6 14.Qd2 Be6 15.Bh6 Bh8
16.Ng5 Bf5 17.Re3 Rad8 18.Rf3 Bf6 19.h3 e5 20.g4 e4 21.Rg3 Bc8 22.Re1 e3
23.Rgxe3 Rxe3 24.Rxe3 Nxe3 25.Bxf7+ Kh8 26.Qxe3 Qe7 27.Bc4 Bxg5 28.Bxg5  1-0

[Event "WCh Women"]
[Site "Antakya TUR"]
[Date "2010.12.06"]
[Round "1.3"]
[White "Skripchenko,A"]
[Black "Foisor,C"]
[Result "1/2-1/2"]
[WhiteElo "2460"]
[BlackElo "2403"]

1.e4 c5 2.Nc3 g6 3.d4 Bg7 4.dxc5 Qa5 5.Bd2 Qxc5 6.Nd5 b6 7.Bb4 Qc6 8.Bb5 Qb7
9.Qf3 Nc6 10.Bc3 f6 11.Qg3 d6 12.Ne2 Bd7 13.Ba6 Qb8 14.a4 e6 15.Ne3 Nh6 16.Rd1 Nf7
17.f4 O-O 18.O-O Qe8 19.b3 Rd8 20.Rfe1 Qe7 21.Kh1 Bc8 22.Bc4 Kh8 23.Ng1 Rg8
24.Nf3 Qf8 25.Qf2 f5 26.Bxg7+ Qxg7 27.exf5 gxf5 28.Nf1 d5 29.Bb5 Ne7 30.Ng3 h6
31.Bf1 Qc3 32.Nd4 Rg6 33.Re3 Qc5 34.Qe1 Qd6 35.Nh5 Ng8 36.Nb5 Qe7 37.Nd4 Nd6
38.Nc6 Qc7 39.Nxd8 Qxd8 40.Qc3+ Kh7 41.Qe1 Ne4 42.Bd3 Ngf6 43.Nxf6+ Nxf6
44.Be2 Qc7 45.Rc3 Qd8 46.Bf3 Bd7 47.Qe5 Rg7 48.Rc7 a5 49.c4 Qf8 50.cxd5 exd5
51.Rcc1 Qf7 52.Bxd5 Qg6 53.Bf3 Ne4 54.Rc2 Nc5 55.Rxc5 bxc5 56.Qxc5 Qe6 57.Qd5 Qe3
58.Qc4 Be6 59.Qc1 Qxc1 60.Rxc1 Bxb3 61.Rc5 Bxa4 62.Rxa5 Bc2 63.Rc5 Bd3 64.Rc6 Re7
65.Kg1 Be4 66.Bxe4 Rxe4 67.g3 Kg7 68.Kf2 Ra4 69.Rc2 Kf6 70.Kg2 Kg6 71.Kh3 Ra6
72.Kh4 Rb6 73.h3 Ra6 74.Rc8 Rb6 75.Rc5 Ra6 76.g4 fxg4 77.hxg4 Ra1 78.Rc6+ Kg7
79.f5 Rh1+ 80.Kg3 Rg1+ 81.Kf3 Rf1+ 82.Ke4 Re1+ 83.Kd5 Rd1+ 84.Ke6 Re1+ 85.Kd7 Rd1+
86.Ke7 Re1+ 87.Re6 Rf1 88.Rg6+ Kh7 89.Kf6 Rf4 90.Ke6 Ra4 91.Ke5 Ra5+ 92.Kf4 Ra4+
93.Kg3 Ra3+ 94.Kh4 Ra1 95.Rc6 Kg7 96.Kg3 Rg1+ 97.Kf4 Rf1+ 98.Ke5 Re1+ 99.Kd6 Kf7
100.Kd5 Rg1 101.Rg6 Rg2 102.Ke4 Rg1 103.Kf3 Rh1 104.Kg2 Rh4 105.Kg3 Rh1 106.Ra6 Rg1+
107.Kf3 Rf1+ 108.Kg2 Rf4 109.Kg3  1/2-1/2

[Event "FSIM November"]
[Site "Budapest HUN"]
[Date "2010.12.09"]
[Round "6"]
[White "Tesik,C"]
[Black "Brustkern,J"]
[Result "0-1"]
[WhiteElo "2259"]
[BlackElo "2276"]

1.e4 g6 2.d4 Bg7 3.Nc3 Nc6 4.Be3 d5 5.Nxd5 e6 6.Nc3 Nxd4 7.Bc4 a6 8.Nge2 c5
9.a4 Ne7 10.O-O O-O 11.f4 b6 12.e5 Nef5 13.Bf2 Bb7 14.Nxd4 cxd4 15.Na2 Rc8
16.b3 Rxc4 17.bxc4 Qa8 18.Qg4 h5 19.Qh3 Rc8 20.c3 Rxc4 21.a5 b5 22.Bxd4 Bf8
23.Bb6 Be7 24.Rad1 Bd5 25.Nb4 Bxb4 26.cxb4 Rxb4 27.Rb1 Rxb1 28.Rxb1 Qc6 29.Bf2 Qc2
30.Re1 b4 31.g4 hxg4 32.Qxg4 b3 33.Qd1 Qa2 34.Qc1 b2 35.Qc8+ Kg7 36.Qc2 Qa3
37.Qe2 Qb4  0-1

[Event "European Rapid Championship"]
[Site "Warsaw POL"]
[Date "2010.12.18"]
[Round "1"]
[White "Tomczak,J"]
[Black "Vdovenko,Volodymyr"]
[Result "1-0"]
[WhiteElo "2539"]
[BlackElo "1812"]

1.e4 g6 2.d4 Bg7 3.Nc3 a6 4.Be3 b5 5.Bd3 Bb7 6.f4 d6 7.Nf3 Nd7 8.O-O Ngf6
9.a3 Rb8 10.Kh1 O-O 11.Qe1 Re8 12.e5 Nd5 13.Bd2 c5 14.e6 Nxc3 15.exf7+ Kxf7
16.Ng5+ Kf8 17.Qe6 Ne4  1-0

[Event "Surfers Paradise Open"]
[Site "Gold Coast AUS"]
[Date "2010.12.27"]
[Round "3"]
[White "Deen Cowell,N"]
[Black "Morris,J"]
[Result "0-1"]
[WhiteElo "1917"]
[BlackElo "2240"]

1.e4 g6 2.d4 Bg7 3.Nc3 a6 4.Be3 d6 5.Qd2 Nd7 6.Bd3 b5 7.Nf3 Bb7 8.O-O c5
9.Rfe1 cxd4 10.Nxd4 Ngf6 11.Bh6 O-O 12.Bxg7 Kxg7 13.Re3 Qb6 14.Nce2 e5 15.Nb3 d5
16.exd5 Ng4 17.c4 Nxe3 18.Qxe3 Qxe3 19.fxe3 bxc4 20.Bxc4 Nb6 21.Na5 Bxd5
22.Bxd5 Nxd5 23.e4 Nb6 24.Nc3 Rfd8 25.Nc6 Rd2 26.Rb1 Nc4 27.b3 Ne3 28.Nxe5 Rxg2+
29.Kh1 Rc2 30.Nd5 Nxd5 31.exd5 Rc5 32.Rf1 Re8 33.Nd7 Rc2 34.Rd1 Ree2 35.d6 Rxh2+
36.Kg1 Rcg2+ 37.Kf1 Rxa2 38.Kg1 Rag2+ 39.Kf1 Rh1+ 40.Kxg2 Rxd1  0-1

[Event "Grokhotova Memorial"]
[Site "Kremenchug UKR"]
[Date "2011.01.07"]
[Round "11"]
[White "Shabala,S"]
[Black "Rakhmangulov,A"]
[Result "0-1"]
[WhiteElo "2346"]
[BlackElo "2395"]

1.e4 g6 2.d4 Bg7 3.Nc3 d5 4.exd5 Nf6 5.Bc4 Nbd7 6.Nf3 O-O 7.O-O Nb6 8.Bb3 Nbxd5
9.Nxd5 Nxd5 10.Bg5 c6 11.Re1 Re8 12.Qd2 a5 13.a4 f6 14.Bh6 Bg4 15.Re4 Bxf3
16.gxf3 g5 17.Bxg7 Kxg7 18.Bxd5 cxd5 19.Re6 Rc8 20.Rae1 Rc6 21.Qe2 Kf8 22.c3 Qd7
23.Qb5 Kf7 24.Kg2 Rd6 25.Rxd6 Qxb5 26.axb5 exd6 27.Rxe8 Kxe8 28.b6 Kf7 29.f4 Ke6
30.Kf3 Kf5 31.fxg5 fxg5 32.b3 h5 33.Ke3 Ke6 34.h3 Kd7 35.f4 gxf4+ 36.Kxf4 Kc6
37.Kg5 Kxb6 38.Kxh5 Kc7 39.Kg6 b5 40.h4 a4 41.bxa4 bxa4 42.h5 a3 43.h6 a2
44.h7 a1=Q 45.h8=Q Qxc3 46.Qg7+ Kc6 47.Kf7 Qe3 48.Qf6 Qe4 49.Qh8 Kb5 50.Qb8+ Kc4
51.Qxd6 Kxd4 52.Qb4+ Ke5 53.Qe7+ Kf4 54.Qh4+ Kf3 55.Qh1+ Kf2 56.Qh2+ Ke3
57.Qg1+ Ke2 58.Qh2+ Kd3 59.Qg3+ Qe3 60.Qg6+ Qe4 61.Qg3+ Kc2 62.Qf2+ Kc3 63.Qg3+ Qd3
64.Qe1+ Kb3 65.Qa5 d4 66.Qb6+ Kc3 67.Qa5+ Kb2 68.Kf6 Qf3+ 69.Kg7 d3 70.Qb4+ Kc2
71.Qc5+ Kd1 72.Qg1+ Ke2 73.Qh2+ Kf1 74.Kh8 Qf6+ 75.Kh7 Qe7+ 76.Kh8 Qd8+ 77.Kh7 Qd7+
78.Kh6 Qc6+ 79.Kh7 Qe4+ 80.Kh6 Qe3+ 81.Kh7 d2 82.Qh1+ Ke2 83.Qg2+ Kd1 84.Qg4+ Kc2
85.Qa4+ Qb3 86.Qc6+ Kb1  0-1

[Event "9th Parsvnath Open"]
[Site "New Delhi IND"]
[Date "2011.01.08"]
[Round "2.15"]
[White "Abu Sufian,S"]
[Black "Chernyshov,K"]
[Result "0-1"]
[WhiteElo "2358"]
[BlackElo "2597"]

1.e4 g6 2.d4 Bg7 3.Nc3 a6 4.Be3 b5 5.Qd2 Bb7 6.f3 d6 7.g4 Nd7 8.Nge2 h5 9.g5 e6
10.h4 Ne7 11.Ng3 d5 12.e5 c5 13.f4 Nc6 14.Nce2 Bf8 15.Bg2 Qb6 16.O-O cxd4
17.Nxd4 Bc5 18.Nge2 b4 19.Bf2 a5 20.Nxc6 Bxc6 21.Bxc5 Nxc5 22.Nd4 O-O 23.Kh1 Rfc8
24.Rfc1 Ne4 25.Bxe4 dxe4 26.Qe3 Bd5 27.Nf5 Rc5 28.Nd4 Rac8 29.Kg1 Rc3 30.bxc3 Rxc3
31.Qxc3 bxc3 32.Rd1 e3 33.Ne2 Qb2 34.Rdc1 Qb4  0-1

[Event "36th Open"]
[Site "Seville ESP"]
[Date "2011.01.10"]
[Round "4"]
[White "Barrero Garcia,C"]
[Black "Ortega Valle,J"]
[Result "1-0"]
[WhiteElo "2395"]
[BlackElo "2060"]

1.d4 g6 2.e4 Bg7 3.Nc3 a6 4.Nf3 d6 5.Bc4 b5 6.Bb3 Nf6 7.Qe2 O-O 8.e5 Ne8
9.Bg5 dxe5 10.dxe5 c6 11.Qe4 Ra7 12.h4 Bf5 13.Qe3 Qc7 14.h5 e6 15.hxg6 Bxg6
16.Nh4 Qxe5 17.Nxg6 hxg6 18.Ne4 Rd7 19.Qh3 Qxe4+ 20.Kf1 f5 21.Re1 Qxe1+ 22.Kxe1 Kf7
23.Qe3 Nc7 24.Rh7 Re8 25.Bh6  1-0

[Event "3rd Chennai Open"]
[Site "Chennai IND"]
[Date "2011.01.24"]
[Round "9"]
[White "Nimmy,A"]
[Black "Chernyshov,K"]
[Result "0-1"]
[WhiteElo "2208"]
[BlackElo "2597"]

1.e4 g6 2.d4 Bg7 3.Nc3 a6 4.Be3 b5 5.a3 Bb7 6.f4 c5 7.e5 cxd4 8.Qxd4 Nh6
9.Qb6 Qxb6 10.Bxb6 f6 11.exf6 Bxf6 12.Nge2 d6 13.Rg1 Nd7 14.Bf2 Ng4 15.Bg3 Ne3
16.Kd2 Nc4+ 17.Kc1 Rc8 18.Bf2 Nc5 19.Be1 d5 20.Kb1 d4 21.Nd1 d3 22.cxd3 Nxb2
23.Nxb2 Bxb2 24.Ra2 Bg7 25.Nc1 Na4 26.Rc2 O-O 27.Rxc8 Rxc8 28.Ne2 Nb2 29.Nc1 Nd1
30.Be2 Nc3+ 31.Bxc3 Rxc3 32.Bd1 Bd5 33.a4 b4 34.g3 Ra3 35.Re1 Ra1+ 36.Kc2 Kf7
37.Rf1 Ra3 38.Bf3 b3+ 39.Kd2 Bxf3 40.Nxb3 Bd5  0-1

[Event "3rd Chennai Open"]
[Site "Chennai IND"]
[Date "2011.01.24"]
[Round "9"]
[White "Deepan,C"]
[Black "Saurabh,K"]
[Result "1-0"]
[WhiteElo "2485"]
[BlackElo "2322"]

1.e4 g6 2.d4 Bg7 3.Nc3 c5 4.Nf3 Qa5 5.d5 Bxc3+ 6.bxc3 Nf6 7.Bd3 c4 8.Be2 Nxe4
9.O-O Nxc3 10.Qe1 Nxe2+ 11.Qxe2 Qxd5 12.Bb2 Rg8 13.Rad1 Qc5 14.Bd4 Qf5 15.Rfe1 Nc6
16.Ne5 Nxe5 17.Bxe5 e6 18.Qxc4 f6 19.Bc3 g5 20.Rd5 Qg6 21.Qc7 Qf7 22.Rd6 Kf8
23.Red1 Ke8 24.Bb4 Rg7 25.a4 Qg8 26.h3 a5 27.Ba3 h5 28.R1d3 h4 29.Kh2 g4
30.hxg4 Rxg4 31.g3 hxg3+ 32.fxg3 Qh7+ 33.Kg1 Re4 34.Qc5 Qf7 35.Rc3 Rxa4 36.Rd4 Rxa3
37.Rxa3 d5 38.Rxa5 b6 39.Qc6+  1-0

[Event "TCh-NED"]
[Site "Netherlands NED"]
[Date "2011.02.12"]
[Round "6.5"]
[White "Van Haastert,E"]
[Black "Martens,M"]
[Result "1/2-1/2"]
[WhiteElo "2419"]
[BlackElo "2431"]

1.d4 g6 2.e4 Bg7 3.Nc3 d5 4.exd5 Nf6 5.Bc4 Nbd7 6.Bg5 Nb6 7.Bxf6 Bxf6 8.Bb3 a5
9.a4 O-O 10.Nge2 c6 11.dxc6 bxc6 12.O-O Ba6 13.Re1 Bg7 14.Qc1 e6 15.Qe3 Ra7
16.Rad1 Rd7 17.Ne4 Bxe2 18.Qxe2 Rxd4 19.c3 Rxd1 20.Rxd1 Qc7 21.Nc5  1/2-1/2

[Event "27th Open"]
[Site "Cappelle la Grande FRA"]
[Date "2011.02.28"]
[Round "3.53"]
[White "Platel,Al"]
[Black "Ipatov,A ESP"]
[Result "0-1"]
[WhiteElo "2240"]
[BlackElo "2512"]

1.e4 g6 2.d4 Bg7 3.Nc3 c5 4.Be3 cxd4 5.Bxd4 Nf6 6.e5 Ng8 7.Qf3 Nh6 8.Bc4 Nc6
9.Nge2 O-O 10.Qe4 Nf5 11.f4 d5 12.Bxd5 Ncxd4 13.Rd1 Nxc2+ 14.Qxc2 Ne3 15.Bxf7+ Kh8
16.Qb3 Nxd1 17.Nxd1 Bg4 18.Ndc3 Bxe2 19.Nxe2 Qa5+ 20.Kf2 e6 21.Qxe6 Qc7 22.Bxg6 hxg6
23.Qh3+ Kg8 24.Rc1 Qb6+ 25.Ke1 Bxe5 26.fxe5 Qf2+ 27.Kd2 Rad8+ 28.Kc3 Qxe2
29.Qe6+ Kh8 30.Qxg6 Qe3+ 31.Kb4 Rf4+  0-1

[Event "Noteboom Memorial GpA"]
[Site "Leiden NED"]
[Date "2011.03.05"]
[Round "3"]
[White "Barthel,A"]
[Black "Becker,Andre1"]
[Result "0-1"]
[WhiteElo "2186"]
[BlackElo "2194"]

1.e4 g6 2.d4 Bg7 3.Nc3 c5 4.Nf3 Nc6 5.Be3 cxd4 6.Nxd4 Nf6 7.Nxc6 bxc6 8.e5 Nd5
9.Nxd5 cxd5 10.Qxd5 Rb8 11.Bxa7 Rxb2 12.Bd4 Rxc2 13.Bd3 e6 14.Qa8 Rc6 15.Bb5 Rc2
16.O-O Qc7 17.Be3 Qb7 18.Qxb7 Bxb7 19.Bd4 O-O 20.Rfd1 Bd5 21.a4 f6 22.Bxd7 fxe5
23.Bb6 e4 24.Rac1 Ra2 25.a5 e3 26.Bxe3 Rxa5 27.Rc8 Kf7 28.Rxf8+ Bxf8 29.Bb6 Ra2
30.h3 Bb3 31.Rb1 Bd6 32.g3 Bd5 33.Be3 Bxg3 34.fxg3 Rg2+ 35.Kf1 Rxg3 36.Bf2 Rxh3
37.Ke2 Bc4+ 38.Kd2 Rd3+ 39.Kc2 Rxd7 40.Kc3 Be2 41.Re1 Bg4 42.Bd4 Bf5 43.Ra1 g5  0-1

[Event "e2e4 Uxbridge Open"]
[Site "Denham ENG"]
[Date "2011.03.18"]
[Round "1"]
[White "Gibbs,Do"]
[Black "Mangione,C"]
[Result "0-1"]
[WhiteElo "1962"]
[BlackElo "2110"]

1.e4 g6 2.d4 Bg7 3.Nc3 a6 4.g3 d6 5.Bg2 Nd7 6.Nge2 Ngf6 7.h3 O-O 8.O-O c5
9.Be3 Qc7 10.Qc1 Re8 11.a4 Rb8 12.a5 cxd4 13.Bxd4 b5 14.axb6 Nxb6 15.Na4 Nxa4
16.Rxa4 Bb7 17.Nc3 Rec8 18.Re1 Nd7 19.Bxg7 Kxg7 20.Rd4 Nc5 21.Qe3 Qb6 22.b3 Ne6
23.Rd2 Qxe3 24.Rxe3 Rc7 25.Nd5 Bxd5 26.exd5 Nc5 27.Bf1 a5 28.Bc4 a4 29.bxa4 Nxa4
30.Bb3 Nc5 31.Kg2 Rb4 32.Rde2 Kf8 33.Rc3 Ra7 34.Kf3 Rd4 35.Ke3 Nxb3 36.cxb3 Rxd5
37.Rc8+ Kg7 38.Rb2 Rb7 39.b4 Rdb5 40.Rc4 d5 41.Rd4 e5 42.Rd3 d4+ 43.Ke2 Rxb4
44.Rxb4 Rxb4 45.g4 Kf6 46.h4 e4 47.Rd2 Ke5 48.g5 Kf4 49.Ra2 Rb7 50.Ra6 Kg4
51.Rd6 d3+ 52.Ke3 Re7 53.Rd4 Kxh4 54.Kf4 Re6 55.Rd7 h5 56.gxh6 g5+ 57.Kf5 Rxh6
58.Kxe4 Rf6 59.f3 Rf4+  0-1

[Event "5th Agzamov Mem"]
[Site "Tashkent UZB"]
[Date "2011.03.18"]
[Round "1"]
[White "Miraliev,M"]
[Black "Tseshkovsky,V"]
[Result "1/2-1/2"]
[WhiteElo "2104"]
[BlackElo "2493"]

1.e4 g6 2.d4 Bg7 3.Nc3 a6 4.Be3 b5 5.Qd2 Bb7 6.f3 d6 7.a4 c6 8.Bd3 Nd7 9.Nh3 Ngf6
10.Ne2 O-O 11.Bh6 e5 12.Bxg7 Kxg7 13.c3 d5 14.O-O dxe4 15.fxe4 c5 16.d5 c4
17.Bc2 h6 18.Ng3 Nh7 19.Kh1 Nc5 20.Qe3 Qd6 21.Nf2 h5 22.Qf3 h4 23.Ne2 bxa4
24.Nd1 Ng5 25.Qg4 f6 26.Ne3 Rh8 27.Nxc4 Qe7 28.Ng1 h3 29.Nxh3 Bc8 30.Qe2 Bxh3
31.gxh3 Rxh3 32.Rf2 Rh4 33.Nd2 Nh3 34.Rf3 Nf4 35.Qf2 Rah8 36.Nf1 Qd6 37.Bxa4 Nh3
38.Rxh3 Rxh3 39.Bc2 R3h4 40.Qg2 Qb6 41.b4 Nb7 42.c4 Qxb4 43.Rb1 Qe7 44.Rb6 Rc8
45.Ne3 Kf7 46.Re6 Qb4 47.Qg3 Rch8 48.Ng4 Rxg4 49.Qxg4 Qd2 50.Rxf6+ Kxf6 51.Qe6+ Kg7
52.Qe7+  1/2-1/2

[Event "Caissa GM March 2011"]
[Site "Kecskemet HUN"]
[Date "2011.03.23"]
[Round "6.5"]
[White "Antal,T"]
[Black "Mihok,O"]
[Result "0-1"]
[WhiteElo "2291"]
[BlackElo "2462"]

1.e4 g6 2.d4 Bg7 3.Nc3 Nc6 4.Be3 d5 5.exd5 Nb4 6.Nf3 Nf6 7.Bc4 O-O 8.O-O Nbxd5
9.Nxd5 Nxd5 10.Bb3 Nxe3 11.fxe3 c5 12.c3 Bf5 13.Qe2 cxd4 14.exd4 a5 15.Ng5 e6
16.Nf3 a4 17.Bc4 Rc8 18.a3 Qb6 19.Bb5 Ra8 20.Rad1 Bc2 21.Rd2 Ra5 22.Rxc2 Qxb5
23.Qxb5 Rxb5 24.Rd1 Rc8 25.Rd3 g5 26.Kf2 g4 27.Nd2 h5 28.Ne4 Rd5 29.Rcd2 b6
30.Ng3 Bh6 31.Re2 Rcd8 32.Nf1 Rf5+ 33.Ke1 Bc1 34.Rd1 Bf4 35.Rf2 Kg7 36.g3 Bg5
37.Nd2 Rb5 38.Nc4 f6 39.Re2 Kf7 40.Kf1 Rf5+ 41.Kg2 b5 42.Ne3 Rf3 43.Rde1 Rd6
44.Nc2 h4 45.Re4 h3+ 46.Kg1 Rd3 47.Nb4 Rd2 48.R1e2 Rxe2 49.Rxe2 e5 50.Nc2 Bc1
51.Ne3 Bxe3+ 52.Rxe3 exd4 53.Rd3 dxc3 54.Rxc3 Rd1+ 55.Kf2 Rd2+ 56.Ke3 Rxh2
57.Kf4 Rxb2 58.Kxg4 h2 59.Rc1 Ra2 60.Kh3 Rxa3  0-1

[Event "TCh-BEL 2010-11"]
[Site "Roux BEL"]
[Date "2011.03.27"]
[Round "11.4"]
[White "Bolzoni,V"]
[Black "Gryson,W"]
[Result "0-1"]
[WhiteElo "2238"]
[BlackElo "2230"]

1.e4 g6 2.d4 Bg7 3.Nc3 c5 4.Nf3 Qa5 5.Bd2 cxd4 6.Nd5 Qd8 7.Bf4 d6 8.Nxd4 Nf6
9.Bb5+ Nbd7 10.Nxf6+ Bxf6 11.Be3 O-O 12.O-O Qc7 13.c3 Ne5 14.Bh6 Rd8 15.Be2 Bd7
16.Qb3 Nc6 17.Nb5 Qb8 18.a4 Be6 19.Qc2 d5 20.exd5 Bxd5 21.Rad1 Qe5 22.Be3 Be4
23.Qc1 a6 24.Nd4 Qa5 25.Nb3 Qc7 26.Nc5 Bf5 27.b4 Ne5 28.a5 h5 29.h3 Nd7 30.Bf3 Nxc5
31.Bxc5 Rd7 32.Qe3 Be6 33.Rfe1 Re8 34.Rd3 Bc4 35.Rxd7 Qxd7 36.Rd1 Qc8 37.Qe4 Bb5
38.c4 Bc6 39.Qe3 e6 40.Qd3 Rd8 41.Qe2 Kg7 42.Rxd8 Bxd8 43.Bxc6 Qxc6 44.Qe5+ Bf6
45.Qb8 Qd7 46.Qf8+ Kh7 47.b5 axb5 48.cxb5 Bg7 49.Qe7 Qxb5 50.Bb6 Qb1+ 51.Kh2 Be5+
52.g3 Kg7 53.Qxb7 h4 54.Qg2 Qd3 55.Bc5 g5 56.Be7 Kg6 57.Bb4 f5 58.Qb7 hxg3+  0-1

[Event "Karposh Open"]
[Site "Skopje MKD"]
[Date "2011.04.03"]
[Round "3"]
[White "Nestorovic,L"]
[Black "Drenchev,P"]
[Result "1-0"]
[WhiteElo "2357"]
[BlackElo "2517"]

1.e4 g6 2.d4 Bg7 3.Nc3 a6 4.Bg5 b5 5.Qd2 Bb7 6.O-O-O d6 7.f4 Nd7 8.Nf3 Nb6
9.a3 Nf6 10.Bd3 O-O 11.f5 c5 12.dxc5 dxc5 13.e5 b4 14.exf6 bxc3 15.Qxc3 exf6
16.Bh4 Qc7 17.Bg3 Qc6 18.Rhe1 Rfe8 19.Bf2 Bf8 20.Qa5 Rxe1 21.Rxe1 Nd7 22.h4 c4
23.Be4 Qc8 24.Bd5 c3 25.fxg6 cxb2+ 26.Kb1 hxg6 27.h5 g5 28.Bxf7+ Kh8 29.Nxg5 Ne5
30.Rxe5 fxe5 31.Qxe5+ Bg7 32.Bd4  1-0

[Event "11th European Senior"]
[Site "Courmayeur ITA"]
[Date "2011.04.10"]
[Round "5.32"]
[White "Gousseinov,A"]
[Black "Squarci,F"]
[Result "1-0"]
[WhiteElo "1979"]
[BlackElo "1777"]

1.e4 c5 2.Nc3 g6 3.d4 Bg7 4.Nf3 cxd4 5.Nxd4 Nc6 6.Be3 a6 7.Be2 Nf6 8.f4 d6
9.O-O O-O 10.Bf3 h5 11.h3 Bd7 12.Qd2 Qc7 13.Rad1 Rad8 14.Qf2 Qc8 15.Rfe1 Nxd4
16.Bxd4 Bc6 17.Nd5 Bxd5 18.exd5 Rd7 19.Rd3 Rc7 20.c3 b5 21.Kh2 Re8 22.g3 Rc4
23.Rde3 Qd7 24.a3 Nh7 25.Bxg7 Kxg7 26.Qe2 Kf8 27.b3 Rc5 28.g4 h4 29.g5 Qc7
30.Rc1 a5 31.Qf2 e5 32.Qxh4 Kg8 33.Be4 exf4 34.Qxf4 Re5 35.h4 Qe7 36.Rce1 Rc8
37.Bg2 Re8 38.Rxe5 dxe5 39.Qf1 e4 40.Rxe4 Qd6+ 41.Qf4 Qxf4+ 42.Rxf4 Re3 43.Rf3 Re4
44.d6 Nf8 45.Kg3 b4 46.axb4 axb4 47.c4 Rd4 48.c5 Nd7 49.c6 Rxd6 50.cxd7 Rxd7
51.Bf1 Rc7 52.Bc4 Kf8 53.Rf6 Ke8 54.Rb6 Ke7 55.Rxb4 f5 56.Rb6 Rc5 57.Rxg6 Re5
58.Re6+  1-0

[Event "17th Schloss Open A"]
[Site "Werther GER"]
[Date "2011.04.14"]
[Round "1"]
[White "Oppitz,P"]
[Black "Gazic,J"]
[Result "0-1"]
[WhiteElo "2130"]
[BlackElo "2280"]

1.e4 g6 2.d4 Bg7 3.Nc3 c5 4.Nf3 cxd4 5.Nxd4 Nc6 6.Be3 d6 7.Qd2 Nf6 8.f3 O-O
9.Bc4 Bd7 10.O-O-O Rc8 11.Bb3 Na5 12.Kb1 Nc4 13.Bxc4 Rxc4 14.g4 a6 15.b3 Rc8
16.h4 Re8 17.h5 Qa5 18.Nd5 Qxd2 19.Rxd2 Nxd5 20.exd5 Rc3 21.Re1 e5 22.dxe6 fxe6
23.hxg6 hxg6 24.Rd3 Rxd3 25.cxd3 e5 26.Ne2 Rf8 27.Rf1 Bxg4 28.Ng1 d5 29.Rf2 Bf5
30.Rd2 Bf6 31.Ne2 g5 32.Nc1 Kg7 33.Rg2 Kg6 34.Kc2 Be7 35.Kd1 Rc8 36.Bd2 Rh8
37.Re2 Bf6 38.Bc3 Rh1+ 39.Kc2 d4 40.Be1 Rf1 41.Bg3 Rxf3 42.Bxe5 g4 43.Bh2 Bg5
44.Be5 Rf1  0-1

[Event "17th Schloss Open A"]
[Site "Werther GER"]
[Date "2011.04.15"]
[Round "2"]
[White "Lehmann,Ho"]
[Black "Zelbel,P"]
[Result "1/2-1/2"]
[WhiteElo "2163"]
[BlackElo "2410"]

1.e4 g6 2.d4 Bg7 3.Nc3 c5 4.Nf3 cxd4 5.Nxd4 Nc6 6.Be3 Nf6 7.f3 d5 8.Bb5 dxe4
9.Nxc6 bxc6 10.Qxd8+ Kxd8 11.Bxc6 Rb8 12.Bxa7 Rxb2 13.O-O-O+ Kc7 14.Kxb2 Kxc6
15.Bd4 exf3  1/2-1/2

[Event "Lenk Open"]
[Site "Lenk SUI"]
[Date "2011.04.21"]
[Round "1"]
[White "Eschle,H"]
[Black "Mihok,O"]
[Result "0-1"]
[WhiteElo "1965"]
[BlackElo "2462"]

1.e4 g6 2.d4 Bg7 3.Nc3 Nc6 4.Nf3 d5 5.exd5 Nb4 6.Bb5+ Bd7 7.Qe2 a6 8.Bc4 Bf5
9.Bb3 Nf6 10.Bg5 O-O 11.O-O Nbxd5 12.Rfe1 Nxc3 13.bxc3 h6 14.Bh4 g5 15.Qe5 e6
16.Bg3 Nd5 17.Qe2 Nxc3 18.Qd2 Ne4 19.Qe3 Nxg3 20.hxg3 a5 21.a4 Ra6 22.Ne5 Rd6
23.c3 Rb6 24.Ba2 Bc2 25.Qf3 Bb3 26.Bb1 f5 27.Bd3 g4 28.Qe2 Qd5 29.Ng6 Rf7
30.Nf4 Qc6 31.Qe3 Qxc3  0-1